000 01074aam a2200289 4500
999 _c46946
_d46946
001 20595
003 CO-MdFUSB
005 20180622072544.0
008 160922t2010 enk||||g |||| 00| 0 eng d
020 _a978-0-281-05883-9
040 _aCO-MdFUSB
_bEspañol
_cCO-MdFUSB
_dCO-MdFUSB
_erda
041 _aeng
082 _224
_aG 225.6
_bD676j
100 1 _aDonaldson, Terence L.
_eautor
245 1 0 _aJews and anti-Judaism in the New Testament
_b: Decision points and divergent interpretations
_c/ Terence L. Donaldson
264 4 _aLondon:
_bSPCK,
_c© 2010
300 _axi, 176 páginas
336 _2rdacontent
_atexto
_btxt
337 _2rdamedia
_asin mediación
_bn
338 _2rdacarrier
_avolumen
_bnc
500 _aIncluye índices (p. 167-176)
501 _aRústico
505 0 0 _aJudios y antijudaísmo en el Nuevo Testamento: Los puntos de decisión y las interpretaciones divergentes - Mateo - Lucas -Hechos - Juan - Pablo - El Nuevo Testamento: Entonces y ahora
630 0 7 _aBiblia.
_pNuevo Testamento
942 _cBK